Biblioteca

Prophecy and inspired speech in early Christianity and its Hellenistic environment (Registro nro. 65551)

Detalles MARC
000 -LÍDER
Campo fijo de descripción fija 01659nam a2200337 i 4500
001 - NÚMERO DE CONTROL
Campo de control 768714001
003 - IDENTIFICADOR DEL NÚMERO DE CONTROL
Campo de control CO-MdFUSB
005 - FECHA Y HORA DE LA ULTIMA TRANSACCIÓN
control field 20200528114038.0
007 - CAMPO FIJO DE DESCRIPCIÓN FIJA--INFORMACIÓN GENERAL
Campo fijo de descripción fija ta
008 - ELEMENTOS DE LONGITUD FIJA -- INFORMACIÓN GENERAL
Campo fijo de descripción fija -- Información general 200327t1997 -us |||| |||| 00| 0 eng d
020 ## - NÚMERO INTERNACIONAL NORMALIZADO PARA LIBROS
Número Internacional Normalizado del libro 9781565632691
040 ## - FUENTE DE CATALOGACIÓN
Agencia de catalogación original CO-MdFUSB
Idioma de catalogación spa
Agencia que realiza la transcripción CO-MdFUSB
Agencia que realiza la modificación CO-MdFUSBC
Convenciones de la descripción rda
041 ## - CÓDIGO DE IDIOMA
Código de idioma para texto/pista de sonido o título separado eng
082 ## - NÚMERO DE CLASIFICACIÓN DECIMAL DEWEY
Número de la edición del Dewey 23
Número de clasificación 234.13209
Clave de autor-Numero de item F692
100 ## - ASIENTO PRINCIPAL--NOMBRE PERSONAL
Nombre personal Forbes, Christopher.
Término relacionador autor
245 ## - TÍTULO
Título del Material Prophecy and inspired speech in early Christianity and its Hellenistic environment
Mención de responsabilidad, etc. / Christopher Forbes.
264 #1 - PRODUCCIÓN, PUBLICACIÓN, DISTRIBUCIÓN, MANUFACTURA, Y COPYRIGHT
Lugar de producción, publicación, distribución, manufactura Estados Unidos :
Nombre del productor, publicador, distribuidor Hendrickson Publishers,
Fecha de producción, publicación, distribución, manufactura, o copyright [1997]
264 #4 - PRODUCCIÓN, PUBLICACIÓN, DISTRIBUCIÓN, MANUFACTURA, Y COPYRIGHT
Fecha de producción, publicación, distribución, manufactura, o copyright © 1997
300 ## - DESCRIPCIÓN FÍSICA
Extensión 377 páginas
Dimensiones ; 23 cm
336 ## - TIPO DE CONTENIDO
Fuente rdacontent
Término de tipo de contenido texto
Código de tipo de contenido txt
337 ## - TIPO DE MEDIO
Fuente rdamedia
Nombre del tipo de medio sin mediación
Código del tipo de medio n
338 ## - TIPO DE SOPORTE
Fuente rdacarrier
Nombre del tipo de soporte volumen
Código Tipo de soporte nc
500 ## - NOTA GENERAL
Nota General Colección Dawn Christina Harrell<br/>
505 ## - NOTA DE CONTENIDO
Nota de contenido con formato preestablecido Encuesta de literatura: tema y variaciones. -- Glossolalia en el cristianismo primitivo. -- Glossolalia en el cristianismo primitivo: historia y teología. -- Glossolalia e inspiración helenística: Delphic y Delian Apollo . -- Glossolalia y los cultos de Dioniso y Cibeles. -- Glossolalia y la religión helenística entusiasta y conclusiones exegéticas. -- La profecía cristiana primitiva y sus paralelos helenísticos: definiciones y terminología. -- La profecía cristiana en Lucas-Hechos y las Cartas de Pablo - La profecía en Corinto - La profecía y los oráculos en el mundo helenístico.
563 ## - NOTA DE ENCUADERNACIÓN
Nota de encuadernación Tapa dura
650 #7 - ASIENTO SECUNDARIO DE MATERIA - TERMINO TEMÁTICO
9 (RLIN) 659
Término temático o nombre geográfico como elemento de entrada Iglesia
Subdivisión general Historia
Subdivisión cronológica (Iglesia primitiva), ca. 0030-0600
653 ## - TÉRMINO DE INDIZACIÓN - NO CONTROLADO
Término no controlado Profecía -- Cristianismo primitivo.
942 ## - TIPO DE MATERIAL (KOHA)
Tipo de Item KOHA Libros General
945 ## - INFORMACIÓN LOCAL DEL REGISTRO
Catalogador JTF-925
Existencias
Estado de Material Estado de Perdido Forma de Clasificación Estado de Dañado No para Préstamo Colección Biblioteca de Origen Biblioteca Permanente Fecha de Adquisición Forma de Adquisición Área Total de Préstamos Signatura Topográfica Código de Barras Última vez visto Ejemplar/Existencia Fecha de Remplazo Tipo de Material
    Dewey Decimal Classification     Colección General Biblioteca FUSBC Biblioteca FUSBC 27/03/2020 Colección Dawn Christina Harrell BIBLIA   G 234.132090 F692p 21242 27/03/2020 Ej.1 27/03/2020 Libros General

Biblioteca FUSBC | Teléfono: (57+4) 349 88 10 Ext. 141| WhatsApp (+57) 3005338115 
E-mail: biblioteca@unisbc.edu.co | Calle 76 87-14 Robledo Palenque, Medellín, Colombia

Con tecnología Koha